000 00448nam a2200181Ia 4500
001 16358
005 20260306170303.0
008 260306t2007||||xx |||||||||||||| ||und||
041 _aESP
082 _a348.54
_bC95
100 _aCossari, Nelsón G.A (coord.)
_eAUT
245 0 _aCuestiones actuales de derecho ambiental
260 _c2007
300 _a204 páginas :
_c00 cm.
650 _aGEN
654 _aCDE
942 _cLIB
_dJUS
_fJUS
_2ddc
_n
999 _c16358
_d16358